[Event "Aragon-chT Preferente Gr I "]
[Site "Aragon"]
[Date "2018.03.24"]
[Round "9.35"]
[White "Felez Casedas, Carlos"]
[Black "Arbiol Val, Sergio"]
[Result "1-0"]
[WhiteElo "1998"]
[BlackElo "1631"]
[PlyCount "81"]
[EventDate "2018.01.27"]
[EventType "team-tourn"]
[EventRounds "9"]
[EventCountry "ESP"]
[SourceTitle "EXT 2019"]
[Source "ChessBase"]
[SourceDate "2018.10.10"]
[SourceVersion "1"]
[SourceVersionDate "2018.10.10"]
[SourceQuality "1"]
[WhiteTeam "La Aurora Estadilla"]
[BlackTeam "Actur Rey Fernando"]
[WhiteTeamCountry "ESP"]
[BlackTeamCountry "ESP"]

1. d4 d5 2. Nf3 Nf6 3. Bf4 Bf5 4. e3 e6 5. c4 Nbd7 6. Qb3 dxc4 7. Bxc4 Nb6 8. Be2 Be7 9. Nc3 0-0 10. h3 Nfd5 11. Be5 Nb4 12. e4 Bg6 13. 0-0 Nc6 14. Bg3 Nxd4 15. Nxd4 Qxd4 16. Rfd1 Qb4 17. Bxc7 Rac8 18. Qxb4 Bxb4 19. Bd6 Bxd6 20. Rxd6 Nc4 21. Bxc4 Rxc4 22. f3 Rb4 23. b3 Rc8 24. Rad1 h6 25. Rd8+ Rxd8 26. Rxd8+ Kh7 27. Rd6 e5 28. Kf2 f6 29. Rd5 Be8 30. Ke3 Rb6 31. Rd8 Bf7 32. h4 Be6 33. g3 Rc6 34. Kd2 Bh3 35. f4 Bg2 36. f5 Rb6 37. Nd5 Bxe4 38. Nxb6 axb6 39. Rd7 Bxf5 40. Rxb7 Bb1 41. a4 1-0

[Event "Aragon-chT Preferente B"]
[Site "Aragon"]
[Date "2017.03.11"]
[Round "7.60"]
[White "Abad Vinas, Jesus Manuel"]
[Black "Arbiol Val, Sergio"]
[Result "1-0"]
[WhiteElo "1760"]
[BlackElo "1653"]
[PlyCount "81"]
[EventDate "2017.01.28"]
[EventType "team-tourn"]
[EventRounds "9"]
[EventCountry "ESP"]
[SourceTitle "EXT 2018"]
[Source "ChessBase"]
[SourceDate "2017.10.13"]
[SourceVersion "1"]
[SourceVersionDate "2017.10.13"]
[SourceQuality "1"]
[WhiteTeam "St Casablanca IV"]
[BlackTeam "Actur Rey Fernando"]
[WhiteTeamCountry "ESP"]
[BlackTeamCountry "ESP"]

1. c4 e5 2. Nc3 Nc6 3. g3 Bc5 4. Bg2 d6 5. e3 f5 6. Nge2 Nf6 7. 0-0 0-0 8. a3 Qe8 9. Nd5 Nxd5 10. cxd5 Ne7 11. d4 Bb6 12. dxe5 dxe5 13. Bd2 Bd7 14. a4 Rd8 15. Qc2 Rf6 16. a5 Bb5 17. Rfe1 Nxd5 18. axb6 Nxb6 19. Ba5 Bc6 20. Bxb6 axb6 21. Bxc6 Rxc6 22. Qxf5 Rd2 23. Rad1 Rxb2 24. Qg5 Rf6 25. Qg4 Qf8 26. Qc4+ Rf7 27. Rd7 b5 28. Qd5 c6 29. Qe6 b4 30. Rc7 Rd2 31. Rxb7 Rd6 32. Qc4 Rdf6 33. f4 exf4 34. Nxf4 Kh8 35. Rxf7 Rxf7 36. Qxc6 Qd8 37. Ra1 Rd7 38. Ra8 Rd1+ 39. Kf2 Rd2+ 40. Kf3 b3 41. Qe8+ 1-0

[Event "Aragon-chT Preferente B"]
[Site "Aragon"]
[Date "2016.02.06"]
[Round "2.56"]
[White "Arbiol Val, Sergio"]
[Black "Salas Latorre, Jose"]
[Result "1/2-1/2"]
[WhiteElo "1552"]
[BlackElo "1772"]
[PlyCount "90"]
[EventDate "2016.01.30"]
[EventType "team-tourn"]
[EventRounds "9"]
[EventCountry "ESP"]
[SourceTitle "EXT 2018"]
[Source "ChessBase"]
[SourceDate "2017.10.13"]
[SourceVersion "1"]
[SourceVersionDate "2017.10.13"]
[SourceQuality "1"]
[WhiteTeam "Actur Rey Fernando"]
[BlackTeam "Jaime Casas II"]
[WhiteTeamCountry "ESP"]
[BlackTeamCountry "ESP"]

1. e4 c6 2. d4 d5 3. exd5 cxd5 4. Bd3 Nf6 5. c3 Nc6 6. Bf4 Bg4 7. Qb3 Qd7 8. Nd2 e6 9. Ngf3 Bxf3 10. Nxf3 Be7 11. Ne5 Qc8 12. 0-0 0-0 13. Rac1 Nxe5 14. Bxe5 a6 15. c4 Qd7 16. f4 dxc4 17. Rxc4 Nd5 18. f5 Bf6 19. Bxf6 Nxf6 20. fxe6 Qxe6 21. Bf5 Qd5 22. Qd3 Rad8 23. Bh3 Rfe8 24. Rf5 Qe6 25. Rcc5 Qb6 26. Qc4 Qxb2 27. d5 Re1+ 28. Rf1 Qe5 29. Rc8 Qe3+ 30. Kh1 Rxf1+ 31. Qxf1 Qe7 32. g3 Rxc8 33. Bxc8 Qe4+ 34. Qg2 Qe1+ 35. Qg1 Qxg1+ 36. Kxg1 Nxd5 37. Bxb7 Nc7 38. Kf2 f5 39. Ke3 Kf7 40. Bc8 Kf6 41. Kf4 g5+ 42. Kf3 Ke5 43. Ke3 a5 44. a4 Nd5+ 45. Kf3 h5 1/2-1/2

[Event "Aragon-chT Preferente A"]
[Site "Aragon"]
[Date "2015.02.07"]
[Round "3.48"]
[White "Arbiol Val, Sergio"]
[Black "Pellicer Cerezuela, Miguel"]
[Result "0-1"]
[WhiteElo "1676"]
[BlackElo "1862"]
[PlyCount "90"]
[EventDate "2015.01.24"]
[EventType "team-tourn"]
[EventRounds "11"]
[EventCountry "ESP"]
[SourceTitle "EXT 2017"]
[Source "ChessBase"]
[SourceDate "2016.10.25"]
[SourceVersion "1"]
[SourceVersionDate "2016.10.25"]
[SourceQuality "1"]
[WhiteTeam "Actur Rey Fernando"]
[BlackTeam "La Aurora Estadilla II"]
[WhiteTeamCountry "ESP"]
[BlackTeamCountry "ESP"]

1. e4 e6 2. d4 d5 3. exd5 exd5 4. Bd3 Nc6 5. c3 Bd6 6. Nf3 Nge7 7. Be3 Bg4 8. Nbd2 Qd7 9. 0-0 f6 10. c4 dxc4 11. Bxc4 a6 12. Re1 Na5 13. Be2 0-0 14. Ne4 Be6 15. Qd2 Nac6 16. a3 Nd5 17. Rac1 Rad8 18. Nc3 Nce7 19. Bd3 Bf7 20. Qc2 g6 21. Ne4 Kg7 22. Nxd6 Qxd6 23. Qd2 Rfe8 24. Bf1 Nf5 25. g3 Re7 26. Re2 Rde8 27. Rce1 Ndxe3 28. fxe3 Bc4 29. Rf2 Bxf1 30. Rexf1 Nxe3 31. Re1 c6 32. Rfe2 Nd5 33. Rxe7+ Rxe7 34. Rxe7+ Qxe7 35. Kf2 Qe4 36. Qe2 Qb1 37. Ne1 Kf7 38. Nd3 Qh1 39. Nf4 Nxf4 40. gxf4 Qxh2+ 41. Kf3 Qxe2+ 42. Kxe2 Ke6 43. Ke3 f5 44. b4 Kd5 45. Kd3 h5 0-1